000
00264nam a2200109Ia 4500
008
190216s9999||||xx |||||||||||||| ||und||
100
_a
Velayudhan Panikkaseri
245
0
_a
Karoormuthal Kovilanvare
260
_b
Current Books
650
_a
Oormakurip
942
_c
BK
999
_c
23774
_d
23774